Florence, the city and its art
Bewaard in:
| Hoofdauteur: | |
|---|---|
| Formaat: | Boek |
| Taal: | Undetermined |
| Gepubliceerd in: |
Firenze
Scala Books
1982
|
| Onderwerpen: | |
| Tags: |
Voeg label toe
Geen labels, Wees de eerste die dit record labelt!
|
| Thư viện lưu trữ: | Trung tâm Học liệu Trường Đại học Cần Thơ |
|---|
| LEADER | 00588nam a2200205Ia 4500 | ||
|---|---|---|---|
| 001 | CTU_111574 | ||
| 008 | 210402s9999 xx 000 0 und d | ||
| 082 | |a 740 | ||
| 082 | |b B543 | ||
| 100 | |a Berti, Luciano | ||
| 245 | 0 | |a Florence, the city and its art | |
| 245 | 0 | |c Luciano Berti ; Preface by Sir Harold Acton | |
| 260 | |a Firenze | ||
| 260 | |b Scala Books | ||
| 260 | |c 1982 | ||
| 650 | |a Art, italian,Art,Florence (Italy),Drawing | ||
| 650 | |x Florence,Florence,History | ||
| 650 | |z Italy,Italy | ||
| 904 | |i M.Loan | ||
| 980 | |a Trung tâm Học liệu Trường Đại học Cần Thơ | ||